| 000 | 01341cam a22003374a 4500 | ||
|---|---|---|---|
| 999 |
_c233010 _d233010 |
||
| 001 | 13613659 | ||
| 003 | Nust | ||
| 005 | 20170227155858.0 | ||
| 008 | 040604s2005 nyu b 001 0deng | ||
| 010 | _a 2004054444 | ||
| 020 | _a9780143031895 | ||
| 040 |
_aDLC _cDLC _dDLC |
||
| 042 | _apcc | ||
| 043 |
_aa-ii--- _aa-pk--- |
||
| 050 | 0 | 0 |
_aDS422.C64 _bK855 2005 |
| 082 | 0 | 0 |
_a305.6095409049 _bKUM |
| 100 | 1 |
_aKumar, Amitava, _d1963- |
|
| 245 | 1 | 0 |
_aHusband of a fanatic : _ba personal journey through India, Pakistan, love and hate / _cAmitava Kumar. |
| 260 |
_aNew York : _bThe New Press, _c2005. |
||
| 300 |
_axii, 328 p. ; _c22 cm. |
||
| 504 | _aIncludes bibliographical references (p. [297]-301) and index. | ||
| 600 | 1 | 0 |
_aKumar, Amitava, _d1963- _xTravel _zIndia. |
| 600 | 1 | 0 |
_aKumar, Amitava, _d1963- _xTravel _zPakistan. |
| 650 | 0 |
_aCommunalism _zIndia. |
|
| 650 | 0 | _aHindus. | |
| 650 | 0 | _aMuslims. | |
| 650 | 0 |
_aEast Indians _zForeign countries. |
|
| 651 | 0 |
_aIndia _xDescription and travel. |
|
| 651 | 0 |
_aPakistan _xDescription and travel. |
|
| 906 |
_a7 _bcbc _corignew _d1 _eocip _f20 _gy-gencatlg |
||
| 942 |
_2ddc _cBK |
||